| 000 | 00530nam a22001817a 4500 | ||
|---|---|---|---|
| 003 | CEME | ||
| 005 | 20210628201800.0 | ||
| 008 | 210216b xxu||||| |||| 00| 0 eng d | ||
| 020 | _a81-7656-027-8 | ||
| 040 | _c. | ||
| 082 | _a005.133-C++ HOL | ||
| 100 |
_aHolzner, Steven _956822 |
||
| 245 | _aVisual c plus plus 6 in record time, teach yourself the 14 essential skills | ||
| 260 |
_aNEW DELHI _bBPB PUBLISHER _c1998 |
||
| 300 | _aXVIII,603P | ||
| 650 |
_aC PLUS PLUS 6-VISUAL VISUAL C PLUS PLUS 6 _956823 |
||
| 942 |
_cBK _2ddc |
||
| 999 |
_c567162 _d567162 |
||